000 00630nam a22002177a 4500
999 _c5802
_d5802
003 AR-CdUCM
008 190313b ||||| |||| 00| 0 spa d
040 _aMUNICIPALIDAD PROVINCIAL DEL CUSCO
_cBIBLIOTECA MUNICIPAL DEL CUSCO
082 _a869.56 /
_bR91
100 _aRubio, Abel
_917211
245 _aEl Corazón del Poeta /
260 _aLima :
_bUniversidad Nacional Mayor de San Marcos,
_c1968.
300 _a24 paginas ;
_c22cm.
500 _aDatos de la cubierta.
650 _aPoesias
_95433
650 _aPerú
_935
650 _aSIglo XX
_97898
650 _aLiteratura
_983
942 _2ddc
_cLIBROS
945 _apjha